LIBRARY & INFORMATION CENTRE, KCAET, TAVANUR

ONLINE PUBLIC ACCESS CATALOGUE (OPAC)

Estimating and costing in civil engineering : Theory and practice / (Record no. 1603)

MARC details
000 -LEADER
fixed length control field 00402cam a2200145ua 4500
020 ## - INTERNATIONAL STANDARD BOOK NUMBER
ISBN 8185273685
020 ## - INTERNATIONAL STANDARD BOOK NUMBER
ISBN 9788174767295
082 ## - DEWEY DECIMAL CLASSIFICATION NUMBER
Classification number 692.5
Item number DUT/ES
100 ## - MAIN ENTRY--AUTHOR NAME
Personal name Dutta, B.N .
245 ## - TITLE STATEMENT
Title Estimating and costing in civil engineering : Theory and practice /
250 ## - EDITION STATEMENT
Edition statement 23 / 27
260 ## - PUBLICATION, DISTRIBUTION, ETC. (IMPRINT)
Place of publication New Delhi :
Name of publisher U B S Publishers distributors Ltd ,
Year of publication 2007.
-- 2013
300 ## - PHYSICAL DESCRIPTION
Number of Pages 904 ; .
942 ## - ADDED ENTRY ELEMENTS (KOHA)
Koha item type Books
Holdings
Withdrawn status Lost status Damaged status Home library Current library Date acquired Full call number Accession Number Koha item type Collection code Shelving location Source of acquisition Cost, normal purchase price
      KAUAET KAUAET 07/04/2012 692.5 18740 Books        
      KAUAET KAUAET 07/04/2012 692.5 21291 Books        
      KAUAET KAUAET 07/04/2012 692.5 21328 Books        
      KAUAET KAUAET 07/04/2012 692.5 18194 Books        
      KAUAET KAUAET 07/04/2012 692.5 14540 Books        
      KAUAET KAUAET 30/03/2013 692.5 DUT/ES 24032 Books Non-fiction General Stacks Aman Book Stall, Calicut  
      KAUAET KAUAET 30/03/2013 692.5 DUT/ES 24033 Books Non-fiction General Stacks Aman Book Stall, Calicut  
      KAUAET KAUAET 11/07/2022 692.5 DUT/ES BB 635 Book Bank scheme for SC students   Scheme TBS PUBLISHERS AND DISTRIBUTERS 695.00
free website counter